Statistics for New Zealand General Electorates on Map

Click here to take the quiz!

General Stats

  • This quiz has been taken 214 times
  • The average score is 39 of 65

Answers on the Map

Answers color-coded by a green-red scale on the quiz's map according to % correct below.
 

Answer Stats

Answer% Correct
Dunedin
90%
Auckland Central
87%
Nelson
86%
Northland
86%
Southland
80%
Tauranga
80%
Wellington Central
80%
Christchurch Central
77%
Mt Albert
77%
Whangārei
77%
Epsom
76%
Invercargill
76%
Palmerston North
76%
East Coast
74%
Napier
73%
New Plymouth
70%
Bay of Plenty
69%
Hamilton East
68%
Coromandel
67%
Hamilton West
67%
Rotorua
67%
Taupō
66%
Waikato
66%
Mana
64%
Tāmaki
64%
Whanganui
64%
Botany
63%
Mt Roskill
62%
North Shore
62%
Christchurch East
61%
Ilam
61%
Papakura
61%
Rongotai
61%
East Coast Bays
59%
Wairarapa
59%
Māngere
58%
Banks Peninsula
57%
Maungakiekie
56%
Northcote
56%
Hutt South
55%
Upper Harbour
54%
Kaikōura
53%
Pakuranga
53%
Selwyn
53%
New Lynn
52%
Ōhāriu
52%
Te Atatū
52%
West Coast-Tasman
51%
Manurewa
49%
Wigram
49%
Ōtaki
48%
Remutaka
47%
Port Waikato
46%
Rangitīkei
43%
Taranaki-King Country
42%
Kelston
41%
Takanini
40%
Taieri
38%
Waimakariri
37%
Rangitata
36%
Waitaki
36%
Panmure-Ōtāhuhu
33%
Whangaparāoa
31%
Kaipara ki Mahurangi
29%
Tukituki
29%

Score Distribution

Percentile by Number Answered

Percent of People with Each Score

Your Score History

You have not taken this quiz